Library Banner

Fix your own LAN (Record no. 4508)

MARC details
000 -LEADER
fixed length control field 00509nam a2200193Ia 4500
001 - CONTROL NUMBER
control field 4318
008 - FIXED-LENGTH DATA ELEMENTS--GENERAL INFORMATION
fixed length control field 140318s9999 xx 000 0 und d
020 ## - INTERNATIONAL STANDARD BOOK NUMBER
International Standard Book Number 81-7029-491-6
040 ## - CATALOGING SOURCE
Transcribing agency PK-LaUMT
082 ## - DEWEY DECIMAL CLASSIFICATION NUMBER
Classification number 004.68
Item number SAS-F
100 ## - MAIN ENTRY--PERSONAL NAME
Personal name McLaughlin, Robert, Jt. Auth.
245 ## - TITLE STATEMENT
Title Fix your own LAN
Statement of responsibility, etc McLaughlin, Robert, Jt. Auth.<>Sasser, Susan B.
250 ## - EDITION STATEMENT
Edition statement 2nd
260 ## - PUBLICATION, DISTRIBUTION, ETC. (IMPRINT)
Place of publication, distribution, etc New Delhi,India:
Name of publisher, distributor, etc BPB Publications,
Date of publication, distribution, etc 1994
300 ## - PHYSICAL DESCRIPTION
Extent 326 p.
546 ## - LANGUAGE NOTE
Language note EN
700 ## - ADDED ENTRY--PERSONAL NAME
Personal name Sasser, Susan B.
942 ## - ADDED ENTRY ELEMENTS (KOHA)
Koha item type Books
Holdings
Withdrawn status Lost status Source of classification or shelving scheme Damaged status Not for loan Home library Current library Date acquired Total Checkouts Full call number Barcode Date last seen Price effective from Koha item type
    Dewey Decimal Classification     UMT Main Campus UMT Main Campus 2014-03-18   CS_ARC 004.68 SAS-F 4764 2014-03-18 2014-03-18 Books